Using common-pool resource principles to design local government (Record no. 106673)

000 -LEADER
fixed length control field 01600pab a2200181 454500
008 - FIXED-LENGTH DATA ELEMENTS--GENERAL INFORMATION
fixed length control field 180718b2014 xxu||||| |||| 00| 0 eng d
100 ## - MAIN ENTRY--PERSONAL NAME
Personal name Tang, Shui-Yan
245 ## - TITLE STATEMENT
Title Using common-pool resource principles to design local government
260 ## - PUBLICATION, DISTRIBUTION, ETC.
Date of publication, distribution, etc. 2014
300 ## - PHYSICAL DESCRIPTION
Extent p.791-803.
362 ## - DATES OF PUBLICATION AND/OR SEQUENTIAL DESIGNATION
Dates of publication and/or sequential designation Nov-Dec
520 ## - SUMMARY, ETC.
Summary, etc. This article analyzes local government fiscal sustainability as a common-pool resource (CPR) problem. Comparing the experiences of Los Angeles County, San Bernardino City, and San Bernardino County, California, the analysis applies a framework developed from three decades of CPR research to show the importance of six micro-situational variablesラcommunications with the full set of participants, known reputations of participants, high marginal per capita return, entry or exit capabilities, longer time horizon, and agreed-upon sanctioning capabilitiesラin shaping collective action dynamics and building the trust and reciprocity among stakeholders needed to achieve fiscal sustainability. The underlying contextual conditions for these micro-situational variables vary based on specific socioeconomic and political settings, but the findings suggest that institutions and processes can be designed based on several well-tested principles in CPR governance to encourage stakeholders to look beyond their immediate self-interests and make decisions that account for the community's long-term fiscal sustainability. - Reprodu
650 ## - SUBJECT ADDED ENTRY--TOPICAL TERM
Topical term or geographic name entry element Local government
700 ## - ADDED ENTRY--PERSONAL NAME
Personal name Pisano, Mark and Callahan
773 ## - HOST ITEM ENTRY
Main entry heading Public Administration Review
908 ## - PUT COMMAND PARAMETER (RLIN)
Put command parameter N
909 ## -
-- 106678
Holdings
Withdrawn status Lost status Damaged status Not for loan Permanent Location Current Location Date acquired Serial Enumeration / chronology Barcode Date last seen Price effective from Koha item type
        Indian Institute of Public Administration Indian Institute of Public Administration 2018-07-19 Volume no: 74, Issue no: 6 AR107138 2018-07-19 2018-07-19 Articles

Powered by Koha